000 01304nam a2200313 i 4500
003 DO-SdBNP
005 20250307101656.0
007 ta
008 240903s2006 dr c 000 j spa d
040 _aDO-SdBNP
_bspa
_cBNPHU
_erda
082 _bL956h
_222
100 1 _aLulo Gitte, Rubén
_938778
_d1934-2017
_eautor
245 1 0 _aHistoria de Moca en fotos /
_cRubén Lulo Gitte ; prólogo Antonio Utate Guzmán ; fotografías AGN, Archivo histórico de Santiago, Florencio Ml. Tejada, Marino García
264 1 _aMoca, República Dominicana :
_bImprearte EB,
_c2006.
300 _a173 páginas,
_bretratos
_c18 cm.
336 _2rdacontent
_atexto
_btxt
337 _2rdamedia
_asin mediación
_bn
338 _2rdacarrier
_avolumen
_bnc
490 1 _aCosas y gentes de mi pueblo
500 _aIncluye datos biográficos del autor en la página 172-173.
590 _aInventariado, 2024/ YL
700 _4prol.
_aUtate Guzmán, Antonio
_eprólogo
_986497
700 _4fot.
_aTejada, Florencio Ml.
_efotografías
_986498
700 _4fot.
_aGarcía, Marino
_efotografías
_986499
710 2 _aArchivo General de la Nación (República Dominicana)
_4fot.
_efotografías
_985400
710 _4fot.
_aArchivo histórico de Santiago
_efotografías
_986501
910 _aYLockward
942 _2ddc
_cLBS1
999 _c57609
_d57609